Plopsa Coo Ardennes Alle Attracties - Statistieken

Algemene statistieken
  • Deze quiz is 16 keer genomen
  • De gemiddelde score is 17 van 22
Antwoordstatistieken
Nr. Antwoord % Correct
1 Bel RTL Zetellift
100%
3 Bobslee
100%
9 De Smurfer
100%
13 Dino Splash
100%
17 Mega Mindy Flyer
100%
22 Vicky The Ride
100%
4 Carrousel
89%
5 Dansende Fonteinen
89%
16 Maya Splash
89%
7 De Doorloopweide
78%
8 De Konijntjes
78%
11 De Vliegende Fietsen
78%
15 Karting
78%
18 Minigolf
78%
20 Scooters
78%
10 De Uitkijktoren
67%
12 De Vlindervlucht
67%
21 Speeltuin
67%
6 De Autorijschool
56%
19 Mini-Pédalos
44%
2 Blikken Gooien
22%
14 Eendjes Vissen
22%
Geen overeenkomende quizzen gevonden
Scoreverdeling
Procent van Mensen met Elke Score
Percentiel versus Aantal Correcte Antwoorden
Uw Scoregeschiedenis
U heeft deze quiz nog niet genomen